Sports Quiz

Random Sports or NBA Quiz

NBA Champions Quiz Stats

 Plays Quiz Updated Jun 8, 2018

Challenge
Share
Tweet
Embed
Score 0/72 Timer 12:00
22 Plays Today
Year Team Name % Correct
2017Golden State Warriors
91.3%
2018Golden State Warriors
91.3%
2013Miami Heat
91%
2012Miami Heat
91%
2016Cleveland Cavaliers
90.9%
2015Golden State Warriors
90.9%
2014San Antonio Spurs
90.1%
2008Boston Celtics
89.7%
2007San Antonio Spurs
86%
2002Los Angeles Lakers
85.2%
2001Los Angeles Lakers
85.1%
1997Chicago Bulls
85.1%
1998Chicago Bulls
85.1%
1996Chicago Bulls
84.4%
2006Miami Heat
84%
2000Los Angeles Lakers
83.9%
1993Chicago Bulls
83.8%
1992Chicago Bulls
83.3%
2004Detroit Pistons
83.3%
2005San Antonio Spurs
83%
1991Chicago Bulls
82.7%
2003San Antonio Spurs
81.7%
2009Los Angeles Lakers
80%
1995Houston Rockets
77.8%
1999San Antonio Spurs
77.7%
1994Houston Rockets
77.6%
1987Los Angeles Lakers
77.1%
1985Los Angeles Lakers
76.6%
1988Los Angeles Lakers
76.3%
1984Boston Celtics
75.1%
1986Boston Celtics
74.6%
1989Detroit Pistons
73%
1990Detroit Pistons
72.5%
1965Boston Celtics
70.9%
1966Boston Celtics
70.9%
1969Boston Celtics
70.7%
Year Team Name % Correct
1982Los Angeles Lakers
70%
1963Boston Celtics
69.9%
1968Boston Celtics
70%
1962Boston Celtics
69.8%
2010Los Angeles Lakers
69.4%
1964Boston Celtics
69%
1981Boston Celtics
67.7%
1980Los Angeles Lakers
66.6%
1961Boston Celtics
65.7%
1960Boston Celtics
65.1%
1983Philadelphia 76ers
63.8%
1959Boston Celtics
63.5%
2011Dallas Mavericks
62%
1972Los Angeles Lakers
59.1%
1970New York Knicks
53.8%
1976Boston Celtics
53.6%
1973New York Knicks
53.3%
1957Boston Celtics
52.1%
1952Minneapolis Lakers
47.5%
1947Philadelphia Warriors
47.5%
1953Minneapolis Lakers
47.5%
1954Minneapolis Lakers
47.3%
1979Seattle SuperSonics
47.1%
1950Minneapolis Lakers
46.3%
1974Boston Celtics
45.9%
1949Minneapolis Lakers
45.2%
1978Washington Bullets
44.5%
1977Portland Trail Blazers
43.2%
1971Milwaukee Bucks
43.1%
1958St. Louis Hawks
42%
1967Philadelphia 76ers
41.8%
1975Golden State Warriors
38.7%
1956Philadelphia Warriors
31.2%
1955Syracuse Nationals
30.1%
1948Baltimore Bullets
25.8%
1951Rochester Royals
23.6%

You're not logged in!

Compare scores with friends on all Sporcle quizzes.
OR
Log In

You Might Also Like...

Show Comments

Extras

Top Quizzes Today


Score Distribution

Your Account Isn't Verified!

In order to create a playlist on Sporcle, you need to verify the email address you used during registration. Go to your Sporcle Settings to finish the process.

Report this User

Report this user for behavior that violates our Community Guidelines.

Details: